000 00576cam a22002291 4500
001 sa 66003310
003 DLC
005 20260227112234.0
008 891004s1966 ii b 000 1 hino
010 _asa 66003310
035 _a(OCoLC)20439550
040 _aDLC
_cWaU
_dDLC
042 _apremarc
050 0 0 _aPK2042
_b.S48
100 1 _aSinha, Shuresh,
_d1940-
245 1 0 _aNaī kahānī kī mūla-saṃvedanā.
260 _c[1966]
300 _a210 p.
_c19 cm.
500 _aIn Hindi.
504 _aBibliographical footnotes.
650 0 _aShort stories, Hindi.
999 _c68799
_d68799